¿ Qué es la zona de reserva campesina y el plan de desarrollo alternativo para la construcción y permanencia de la economía campesina en la región del Catatumbo? (Registro nro. 20061)

Detalles MARC
000 -CABECERA
Campo de control 01099nam a22002537a 4500
005 - FECHA Y HORA DE LA ULTIMA TRANSACCION
Campo de control 20200104041801.0
008 - ELEMENTOS DE LONGITUD FIJA—INFORMACION GENERAL
Campo de control 180103b 2012C ||||| |||| 00| 0 spa d
040 ## - FUENTE DE CATALOGACIÓN
Agencia catalogadora original CO-BoIAVH
Agencia transcriptora CO-BoIAVH
041 ## - IDIOMA
Código de idioma para texto/pista de sonido o título separado Español
044 ## - PAÍS DE PUBLICACIÓN
País de publicación Colombia
090 ## - CLASIFICACIÓN LOCAL
Colección EA
Consecutivo 428
110 1# - ASIENTO PRINCIPAL--NOMBRE CORPORATIVO
Nombre corporativo o de jurisdicción como elemento de entrada Asociación Campesina del Catatumbo ( ASCAMCAT)
9 (RLIN) 88340
245 ## - MENCION DE TITULO
Título ¿ Qué es la zona de reserva campesina y el plan de desarrollo alternativo para la construcción y permanencia de la economía campesina en la región del Catatumbo?
260 ## - PUBLICACION, DISTRIBUCION, ETC. (PIE DE IMPRENTA)
Lugar de publicación, distribución, etc. Bogotá:
Nombre del editor, distribuidor, etc. Asociación Nacional de Zonas de Reserva Campesina,
Fecha de publicación, distribución, etc. 2012.
300 ## - DESCRIPCION FISICA
Extensión 51 páginas
Otros detalles físicos ilustraciones
Dimensiones 21 x 15cm
650 14 - ASIENTO SECUNDARIO DE MATERIA - TERMINO TEMATICO
Término temático o nombre geográfico como elemento de entrada Educación ambiental
9 (RLIN) 162
650 14 - ASIENTO SECUNDARIO DE MATERIA - TERMINO TEMATICO
Término temático o nombre geográfico como elemento de entrada Recursos naturales
Subdivisión general Conservación
9 (RLIN) 88349
650 14 - ASIENTO SECUNDARIO DE MATERIA - TERMINO TEMATICO
Término temático o nombre geográfico como elemento de entrada Reserva campesina
Subdivisión general Ubicación
9 (RLIN) 88350
650 14 - ASIENTO SECUNDARIO DE MATERIA - TERMINO TEMATICO
Término temático o nombre geográfico como elemento de entrada Participación comunitaria
9 (RLIN) 93999
710 ## - ASIENTO SECUNDARIO - NOMBRE CORPORATIVO
Nombre corporativo o de jurisdicción como elemento de entrada Instituto Colombiano de Desarrollo Rural (INCODER)
9 (RLIN) 88345
710 ## - ASIENTO SECUNDARIO - NOMBRE CORPORATIVO
Nombre corporativo o de jurisdicción como elemento de entrada Asociación Nacional de Zonas de Reserva Campesina ( ANZORC)
9 (RLIN) 88346
710 ## - ASIENTO SECUNDARIO - NOMBRE CORPORATIVO
Nombre corporativo o de jurisdicción como elemento de entrada Corporación Colectivo de Abogados Luis Carlos Perez(CCA)
9 (RLIN) 88352
942 ## - ELEMENTOS ADICIONALES (KOHA)
Sistema de clasificación Local
Tipo de ítem Libro
Existencias
Withdrawn status Lost status Sistema de Clasificación Damaged status No para préstamo Colección Ubicación Permanente Ubicación actual Fecha de adquisición Total Checkouts Número topográfico Inventario / Código de Barras Date last seen Ejemplar Price effective from Forma de adquisición Tipo de material
    Local     Educación Ambiental Bogotá Bogotá 03/01/2018   EA-428 043393 03/01/2018 Ej. 1 03/01/2018 Donación Libro